000 00332 a2200145 4500
001 47967
040 _cAnchieta - Aquarius
100 _aLopes, Teresa
240 1 0 _aHistórias que acabam aqui
_lpor
245 1 0 _aHistórias que acabam aqui
300 _a31
362 0 _a2005
650 4 _aLiteratura infanto-juvenil
942 _cBK
999 _c47967
_d47967